00763nam a2200217Ii 45000010005000000030009000050080041000140400033000550410008000880820014000961000035001102450014001452640085001593000012002443360026002563370028002823380027003109400050003379990017003879520141004048071CO-ViMGA241108s9999||||xx |||||||||||||| ||und|| aCO-ViMGAbspaerdacCO-ViMGA0 aunk04a923-S231s1 aSalvador Camacho Roldan95199010aSantander 1a[Lugar de publicación no identificado] : Academia colombiana de historia, 1978 avolumen atextbtxt2rdacontent aunmediatedbn2rdamedia avolumebnc2rdacarrier aidficha_siabuc: 7893. -- ficha_no_siabuc:8071 c55177d55177 001040708001aMEVIGERRbMEVIGERRcGENd2006-11-27hVol.1o923-S231spECA8205r2024-11-26 10:42:02tEj.1w2024-11-26yBKz7893 | 11053